| 000 | 00455 a2200169 4500 | ||
|---|---|---|---|
| 001 | 136768 | ||
| 020 | _a8599519026 | ||
| 040 | _cLeonardo Da Vinci | ||
| 041 | _aPortuguês | ||
| 082 |
_a685.15 T739c _bT739c |
||
| 100 | _aTREVISAN, Antoninho Marmo | ||
| 245 | _aComo entender balanços | ||
| 260 |
_bTrevisan _c2005 _aSão Paulo |
||
| 362 | _a20050000 | ||
| 697 |
_aBalanços contábeis _aEmpresas _aContabilidade _aAdministração _aFIPEN |
||
| 942 | _cBK | ||
| 999 |
_c136768 _d136768 |
||